Catálogo
 En Linea

Vida y milagros de la farándula de Cuba / (Registro nro. 34678)

Detalles MARC
000 -CABECERA
campo de control de longitud fija 00674nam a2200193 a 4500
001 - NÚMERO DE CONTROL
campo de control 000035187
005 - FECHA Y HORA DE LA ÚLTIMA TRANSACCIÓN
campo de control 20200930074149.0
008 - DATOS DE LONGITUD FIJA--INFORMACIÓN GENERAL
campo de control de longitud fija 111025s1990 dr ac 001 0cspa d
040 ## - FUENTE DE LA CATALOGACIÓN
Centro catalogador/agencia de origen DO-SdBNP
Lengua de catalogación spa
Centro/agencia transcriptor BNPHU
082 ## - NÚMERO DE LA CLASIFICACIÓN DECIMAL DEWEY
Número de clasificación 709.7291
Número de documento/Ítem R811v
100 1# - ENTRADA PRINCIPAL--NOMBRE DE PERSONA
Nombre de persona Rosell, Rosendo,
Fechas asociadas al nombre 1918-2010
9 (RLIN) 60917
245 10 - MENCIÓN DE TÍTULO
Título Vida y milagros de la farándula de Cuba /
Mención de responsabilidad, etc. Rosendo Rosell.
260 ## - PUBLICACIÓN, DISTRIBUCIÓN, ETC.
Lugar de publicación, distribución, etc. Santo Domingo :
Nombre del editor, distribuidor, etc. Taller,
Fecha de publicación, distribución, etc. 1990.
300 ## - DESCRIPCIÓN FÍSICA
Extensión 419 p. :
Otras características físicas il., retr. ;
Dimensiones 23 cm.
590 ## - NOTA LOCAL (RLIN)
Nota local Inventariado, 2018/LP
650 #4 - PUNTO DE ACCESO ADICIONAL DE MATERIA--TÉRMINO DE MATERIA
Término de materia o nombre geográfico como elemento de entrada Artistas cubanos
Subdivisión general Anécdotas, chistes, sátiras, etc.
9 (RLIN) 60918
650 #4 - PUNTO DE ACCESO ADICIONAL DE MATERIA--TÉRMINO DE MATERIA
Término de materia o nombre geográfico como elemento de entrada Artes escénicas
Subdivisión general Historia
Subdivisión geográfica Cuba
9 (RLIN) 60919
910 ## - DATOS DE OPCIÓN DEL USUARIO (OCLC)
Datos de opción del usuario Validado. Control de la calidad EMS.
Existencias
Estado de retiro Estado de pérdida No para préstamo Código de colección Localización permanente Ubicación/localización actual Ubicación en estantería Fecha de adquisición Número de inventario Total de préstamos Signatura topográfica completa Código de barras Fecha visto por última vez Precio válido a partir de Tipo de ítem Koha
    Excluido de préstamo Patrimonio Dominicano Patrimonio Dominicano Patrimonio Dominicano Depósito 25.10.2011 LF1   709.7291 R811v 35187-10 25.06.2020 25.06.2020 Libro y Folleto Colección Patrimonio Dominicano

Con tecnología Koha